Интеграция данных мультисенсоров в порядковой шкале; Математическая, статистическая и компьютерная поддержка качества измерений; Математические методы при обеспечении качества и взаимного признания результатов измерений

Bibliografiske detaljer
Parent link:Математическая, статистическая и компьютерная поддержка качества измерений.— 2006
Математические методы при обеспечении качества и взаимного признания результатов измерений.— [3 с.]
Hovedforfatter: Муравьев С. В. Сергей Васильевич
Institution som forfatter: Национальный исследовательский Томский политехнический университет Инженерная школа информационных технологий и робототехники Отделение автоматизации и робототехники
Summary:Заглавие с экрана
Sprog:russisk
Udgivet: 2006
Fag:
Online adgang:http://mscsmq.vniim.ru/files/2006/rus/Muravyov_ru.pdf
Format: MixedMaterials Electronisk Book Chapter
KOHA link:https://koha.lib.tpu.ru/cgi-bin/koha/opac-detail.pl?biblionumber=666467

MARC

LEADER 00000naa0a2200000 4500
001 666467
005 20250818152345.0
035 |a (RuTPU)RU\TPU\network\37671 
035 |a RU\TPU\network\30732 
090 |a 666467 
100 |a 20211227d2006 k y0rusy50 ca 
101 0 |a rus 
102 |a RU 
135 |a drcn ---uucaa 
181 0 |a i  
182 0 |a b 
200 1 |a Интеграция данных мультисенсоров в порядковой шкале  |f С. В. Муравьев 
203 |a Текст  |c электронный 
300 |a Заглавие с экрана 
320 |a [Библиогр.: 6 назв.] 
463 |t Математическая, статистическая и компьютерная поддержка качества измерений  |d 2006 
463 |t Математические методы при обеспечении качества и взаимного признания результатов измерений  |o труды международного семинара, 28-30 июня 2006 г. ГНЦ РФ "ВНИИМ им.Д.И.Менделеева", Санкт-Петербург, Россия  |v [3 с.] 
610 1 |a электронный ресурс 
610 1 |a труды учёных ТПУ 
700 1 |a Муравьев  |b С. В.  |c специалист в области контрольно-измерительной техники  |c профессор Томского политехнического университета, доктор технических наук  |f 1954-  |g Сергей Васильевич  |3 (RuTPU)RU\TPU\pers\27989  |9 12979 
712 0 2 |a Национальный исследовательский Томский политехнический университет  |b Инженерная школа информационных технологий и робототехники  |b Отделение автоматизации и робототехники  |3 (RuTPU)RU\TPU\col\23553 
801 1 |a RU  |b 63413507  |c 20101016 
801 2 |a RU  |b 63413507  |c 20211227  |g RCR 
856 4 |u http://mscsmq.vniim.ru/files/2006/rus/Muravyov_ru.pdf 
942 |c CF